Gaming Quiz

Random Gaming or War Quiz

Battlefield 3 Weapons Quiz Stats

 Plays Quiz not verified by Sporcle

Score 0/51 Timer 20:00
0 Plays Today
Weapon Type Weapon % Correct
Melee WeaponsCombat Knife
77.3%
CarbinesM4
77.3%
HandgunsColt M1911
68.2%
Assault RiflesM16A3 and M16A4
68.2%
Assault RiflesHK416
63.6%
HandgunsBeretta M9
63.6%
CarbinesSOF Combat Assault Rifle-Heavy
59.1%
Assault RiflesAEK-971
59.1%
Assault RiflesF2000
59.1%
Assault RiflesAN-94
54.5%
Sniper RiflesM98B
54.5%
Personal Defense WeaponsP90
54.5%
Personal Defense WeaponsMP7
54.5%
Handguns.44 Magnum
50%
CarbinesG36C
50%
Light Machine GunsM240B
50%
Sniper RiflesSVD
50%
ShotgunsM1014
50%
HandgunsG18
45.5%
Assault RiflesAK-74M
45.5%
CarbinesM4A1
45.5%
CarbinesAKS-74u
45.5%
Sniper RiflesSV-98
45.5%
ShotgunsSaiga 12K
45.5%
Personal Defense WeaponsUMP-45
45.5%
Personal Defense WeaponsAS Val
45.5%
Weapon Type Weapon % Correct
Light Machine GunsM27 IAR
40.9%
Melee WeaponsACB-90
40.9%
Light Machine GunsPKP Pecheneg
40.9%
Sniper RiflesM40A5
40.9%
ShotgunsDAO-12
40.9%
ShotgunsUSAS-12
40.9%
Personal Defense WeaponsPDW-R
40.9%
Sniper RiflesMk11 Mod 0
36.4%
HandgunsG17C
36.4%
HandgunsMP443
36.4%
HandgunsMP-412 REX
36.4%
Assault RiflesG3A3
36.4%
Assault RiflesKH2002
36.4%
Light Machine GunsM249 SAW
36.4%
Light Machine GunsM60E4
36.4%
Sniper RiflesSKS
36.4%
Shotguns870 MCS
36.4%
ExplosivesM67 Grenade
31.8%
HandgunsBeretta 93R
31.8%
CarbinesA-91
31.8%
Personal Defense WeaponsPP-2000
31.8%
Sniper RiflesM39 EMR
27.3%
CarbinesSG553
27.3%
Light Machine GunsRPK-74M
27.3%
Light Machine GunsType 88 LMG
27.3%

You're not logged in!

Compare scores with friends on all Sporcle quizzes.
OR
Log In

Sporcle TV

Today on Sporcle TV


Watch our educational content, quiz creation guides, and fun videos on Sporcle TV.

Show Comments

Extras

Top Quizzes Today


Score Distribution

Your Account Isn't Verified!

In order to create a playlist on Sporcle, you need to verify the email address you used during registration. Go to your Sporcle Settings to finish the process.

Report this User

Report this user for behavior that violates our Community Guidelines.

Details: